[Event "Rhein Main op 13th"]
[Site "Bad Homburg"]
[Date "2010.06.06"]
[Round "7"]
[White "Wanie, Karsten"]
[Black "Toenniges, Thomas"]
[Result "0-1"]
[WhiteElo "2194"]
[BlackElo "2105"]
[PlyCount "100"]
[EventDate "2010.06.02"]
[EventType "swiss"]
[EventRounds "7"]
[EventCountry "GER"]
[SourceTitle "EXT 2011"]
[Source "ChessBase"]
[SourceDate "2010.11.26"]
[SourceVersion "1"]
[SourceVersionDate "2010.11.26"]
[SourceQuality "1"]

1. d4 Nf6 2. c4 c5 3. d5 b5 4. cxb5 a6 5. bxa6 Bxa6 6. Nc3 g6 7. g3 d6 8. Bg2 Bg7 9. Nf3 0-0 10. Rb1 Nbd7 11. 0-0 Rb8 12. b3 Ng4 13. Qc2 Qa5 14. Bd2 Nde5 15. a4 Qb6 16. h3 Nxf3+ 17. Bxf3 Ne5 18. Bg2 Rfe8 19. Kh2 e6 20. f4 Nd7 21. Rfe1 e5 22. f5 Nf6 23. fxg6 hxg6 24. e4 Nh5 25. Be3 Qa5 26. Bf1 Bc8 27. Nb5 Bf8 28. Be2 Nf6 29. Rf1 Qd8 30. g4 Be7 31. Rf2 Kh7 32. Rbf1 Rh8 33. Kg2 Kg8 34. Bg5 Nxg4 35. Rxf7 Nf6 36. Bxf6 Bxh3+ 37. Kg3 Kxf7 38. Nxd6+ Kg8 39. Bxh8 Bxf1 40. Nc4 Bxe2 41. Bxe5 Bh4+ 42. Kh2 Bxc4 43. Qxc4 Rb4 44. Qxc5 Rxe4 45. d6 Re2+ 46. Kh3 Qd7+ 47. Kxh4 Re4+ 48. Kg3 Qg4+ 49. Kf2 Re2+ 50. Kf1 Qg2# 0-1

[Event "Rhein Main op 13th"]
[Site "Bad Homburg"]
[Date "2010.06.05"]
[Round "5"]
[White "Wanie, Karsten"]
[Black "Sancar, Kenan"]
[Result "1/2-1/2"]
[WhiteElo "2194"]
[BlackElo "2039"]
[PlyCount "47"]
[EventDate "2010.06.02"]
[EventType "swiss"]
[EventRounds "7"]
[EventCountry "GER"]
[SourceTitle "EXT 2011"]
[Source "ChessBase"]
[SourceDate "2010.11.26"]
[SourceVersion "1"]
[SourceVersionDate "2010.11.26"]
[SourceQuality "1"]

1. d4 Nf6 2. c4 g6 3. Nf3 Bg7 4. g3 0-0 5. Bg2 d6 6. 0-0 Nc6 7. Nc3 a6 8. b3 Rb8 9. Bb2 b5 10. cxb5 axb5 11. Rc1 Bd7 12. Qc2 Bf5 13. e4 Bg4 14. Nd5 Nxd5 15. Qxc6 Nb4 16. Qxc7 Nd3 17. Qxd8 Rfxd8 18. Rc2 Nxb2 19. Rxb2 Bxf3 20. Bxf3 Bxd4 21. Rc2 b4 22. Rc7 Bb6 23. Rc4 e5 24. Kg2 1/2-1/2

[Event "Rhein Main op 13th"]
[Site "Bad Homburg"]
[Date "2010.06.04"]
[Round "4"]
[White "Winand, Edgar"]
[Black "Wanie, Karsten"]
[Result "0-1"]
[WhiteElo "1973"]
[BlackElo "2194"]
[PlyCount "62"]
[EventDate "2010.06.02"]
[EventType "swiss"]
[EventRounds "7"]
[EventCountry "GER"]
[SourceTitle "EXT 2011"]
[Source "ChessBase"]
[SourceDate "2010.11.26"]
[SourceVersion "1"]
[SourceVersionDate "2010.11.26"]
[SourceQuality "1"]

1. g4 d5 2. Bg2 c6 3. c4 dxc4 4. b3 c3 5. Nxc3 Bxg4 6. Qc2 Nf6 7. Bb2 Na6 8. a3 e5 9. Ne4 Nd7 10. Nf3 Qc7 11. Neg5 h6 12. Qc4 Bh5 13. Ne4 Be7 14. Ng3 Bg6 15. Rc1 Nac5 16. Bxe5 Nxe5 17. Nxe5 Qxe5 18. d4 Nd3+ 19. Kf1 Qg5 20. Rc2 Nxf2 21. Bxc6+ Kf8 22. Bxb7 Rd8 23. Kxf2 Bxc2 24. Qxc2 Rxd4 25. e3 Rd8 26. Nf5 g6 27. Nd4 Bc5 28. Rg1 Qh4+ 29. Ke2 Bxd4 30. exd4 Qxd4 31. Rg3 Kg7 0-1

[Event "Rhein Main op 13th"]
[Site "Bad Homburg"]
[Date "2010.06.03"]
[Round "2"]
[White "Hahn, Florian"]
[Black "Wanie, Karsten"]
[Result "1/2-1/2"]
[WhiteElo "2029"]
[BlackElo "2194"]
[PlyCount "100"]
[EventDate "2010.06.02"]
[EventType "swiss"]
[EventRounds "7"]
[EventCountry "GER"]
[SourceTitle "EXT 2011"]
[Source "ChessBase"]
[SourceDate "2010.11.26"]
[SourceVersion "1"]
[SourceVersionDate "2010.11.26"]
[SourceQuality "1"]

1. c4 c6 2. g3 d5 3. Qc2 Nf6 4. Nf3 Bg4 5. Bg2 e6 6. 0-0 Be7 7. d4 Nbd7 8. Nbd2 Bf5 9. Qb3 Qb6 10. c5 Qc7 11. Nh4 Ne4 12. Nxf5 exf5 13. Nxe4 fxe4 14. Bf4 Qc8 15. Bh3 h5 16. f3 g5 17. Bd2 Nxc5 18. Bxc8 Nxb3 19. Bxb7 Nxd2 20. Bxc6+ Kf8 21. Bxa8 Nxf1 22. Rxf1 Kg7 23. Bxd5 e3 24. Bb3 Bf6 25. d5 Bxb2 26. h3 Be5 27. f4 gxf4 28. gxf4 Bd6 29. Kg2 Rh6 30. Kf3 Bc5 31. Rc1 Bb6 32. Ke4 Rg6 33. Rc6 Rxc6 34. dxc6 Kf6 35. Bd5 h4 36. Kf3 Kg7 37. Be4 Kh6 38. Kg4 Bd8 39. Kf5 Kg7 40. Kg4 Kh6 41. f5 Kg7 42. a4 Kf6 43. Kf4 Bb6 44. Bd3 Ke7 45. Bc4 Bc7+ 46. Kxe3 f6 47. Bb5 Bg3 48. Bd3 Kd6 49. Be4 Kc5 50. Kd2 Kb4 1/2-1/2

[Event "Rhein Main op 11th"]
[Site "Bad Homburg"]
[Date "2008.05.22"]
[Round "3"]
[White "Khenkin, Igor"]
[Black "Wanie, Karsten"]
[Result "1-0"]
[WhiteElo "2609"]
[BlackElo "2193"]
[PlyCount "55"]
[EventDate "2008.05.21"]
[EventType "swiss"]
[EventRounds "7"]
[EventCountry "GER"]
[SourceTitle "CBM 124 Extra"]
[Source "ChessBase"]
[SourceDate "2008.07.03"]
[SourceVersion "1"]
[SourceVersionDate "2008.07.03"]
[SourceQuality "1"]

1. d4 d5 2. c4 c6 3. Nf3 Nf6 4. Qb3 dxc4 5. Qxc4 Bf5 6. g3 e6 7. Bg2 Nbd7 8. 0-0 Be7 9. Nc3 0-0 10. Re1 Ne4 11. Qb3 Qb6 12. Nh4 Bxh4 13. gxh4 Qxb3 14. axb3 Nxc3 15. bxc3 Bc2 16. Ba3 Rfe8 17. Ra2 Bxb3 18. Rb2 Ba4 19. Rxb7 Nb6 20. Bc5 Reb8 21. Rxb8+ Rxb8 22. Ra1 Bb5 23. e4 a6 24. Bxb6 Rxb6 25. Rb1 a5 26. c4 Rb7 27. cxb5 cxb5 28. d5 1-0

[Event "Rhein Main op 11th"]
[Site "Bad Homburg"]
[Date "2008.05.21"]
[Round "1"]
[White "Wanie, Karsten"]
[Black "Nahler, Michael"]
[Result "1-0"]
[WhiteElo "2193"]
[BlackElo "1847"]
[PlyCount "101"]
[EventDate "2008.05.21"]
[EventType "swiss"]
[EventRounds "7"]
[EventCountry "GER"]
[SourceTitle "CBM 124 Extra"]
[Source "ChessBase"]
[SourceDate "2008.07.03"]
[SourceVersion "1"]
[SourceVersionDate "2008.07.03"]
[SourceQuality "1"]

1. d4 d5 2. c4 e6 3. Nc3 Nf6 4. cxd5 exd5 5. Bg5 c6 6. Qc2 Be7 7. e3 Nbd7 8. Bd3 0-0 9. Nge2 Re8 10. h3 Nf8 11. 0-0-0 b5 12. Kb1 a5 13. g4 a4 14. Ng3 Bd7 15. Nf5 Bxf5 16. gxf5 N8d7 17. f3 Qa5 18. Qg2 a3 19. Rhg1 Kh8 20. Bh6 g6 21. fxg6 fxg6 22. Qc2 b4 23. Bxg6 Rg8 24. Bf7 axb2 25. Bxg8 Bf8 26. Bxf8 Nxf8 27. Na4 Nxg8 28. Qxc6 Qxa4 29. Qxa4 Rxa4 30. Rd3 Ra3 31. Rb3 Rxb3 32. axb3 Ne6 33. Kxb2 Ne7 34. Kc2 h6 35. Kd3 Ng5 36. Ke2 Nf5 37. h4 Nxh4 38. Rg4 Nhxf3 39. Rf4 Ng1+ 40. Kf1 N1f3 41. Rf5 Ne4 42. Rxd5 Nfd2+ 43. Kg2 Nc3 44. Rd7 Nxb3 45. Rb7 Na2 46. Kg3 Nd2 47. Kf4 b3 48. Kf5 b2 49. Rxb2 Nc4 50. Rxa2 Nd6+ 51. Kg6 1-0

[Event "Karl Mala Memorial op 10th"]
[Site "Griesheim"]
[Date "2006.07.23"]
[Round "6"]
[White "Elstner, Eik"]
[Black "Wanie, Karsten"]
[Result "1-0"]
[WhiteElo "2088"]
[BlackElo "2050"]
[PlyCount "73"]
[EventDate "2006.07.20"]
[EventType "swiss"]
[EventRounds "7"]
[EventCountry "GER"]
[SourceTitle "CBM 113 Extra"]
[Source "ChessBase"]
[SourceDate "2006.09.14"]
[SourceVersion "1"]
[SourceVersionDate "2006.09.14"]
[SourceQuality "1"]

1. d4 e6 2. c4 d5 3. Nc3 c5 4. cxd5 exd5 5. Nf3 Nc6 6. g3 Nf6 7. Bg2 Be7 8. 0-0 0-0 9. Be3 c4 10. Ne5 Be6 11. Nxc6 bxc6 12. Qa4 Qd7 13. b3 Rab8 14. bxc4 Rb4 15. Qa6 Rb6 16. Qa4 Rb4 17. Qa6 Rxc4 18. Na4 Ng4 19. Bd2 Rxd4 20. Bc3 Rc4 21. Rfc1 Rb8 22. Bd2 Bf6 23. Rab1 Rxc1+ 24. Rxc1 Bd4 25. e3 Bb6 26. Nc5 Qe7 27. Nxe6 Qxe6 28. a4 Qf6 29. Qe2 Qe6 30. a5 Bd8 31. Qa6 Rb2 32. Be1 Nxe3 33. Bc3 Ra2 34. Re1 d4 35. Bxd4 Bxa5 36. Rxe3 Bb4 37. Rxe6 1-0